Popular dances A-Z - Statistics

General Stats
  • This quiz has been taken 46 times
  • The average score is 9 of 25
Answer Stats
Letter Dance % Correct
T Tango, two step, twist, toe dance, tap dance
95%
F Folk dance, flamenco, foxtrot, frug
77%
J Jazz, jig, jive, jitterbug, jokkin'
69%
B Breakdance, belly dance, ballet, ballroom dance, bolero, boogie-woogie
67%
W Waltz
67%
C Cakewalk, cha-cha, country-western, classical dance, contemporary
62%
H Hip-hop, hop, hustle, habanera, house dance
59%
S Step dance, slow dance, salsa, Scottish dance, square dance, swing dance
59%
P Pasodoble, polka, pop, punk dance
54%
M Macarena, modern dance, mambo, Mexican hat dance, moonwalk
49%
R Rumba, reggae, reel, rave dance
46%
L Latin dance, line dance, limbo, Lindy, lambaba
44%
Z Zumba, zombie stomp
41%
D Disco, dragon dance
36%
Q Quickstep, quadrille
28%
I Ice dancing, Irish dance, interpretive dance
15%
A Abstract dance, acro, allemande, argentine tango
13%
E Electric boogaloo, eagle rock, east coast swing, eastern swing
5%
G Gallop, gaby glide, gagilarde, gigue, gibao
5%
K Kangaroo hop, kathak
3%
N Navy dance, newport dance, novelette
0%
O One-step, oriental dance, obertas, opera tango
0%
U Ukrainian dance, umbrella dance
0%
V Valse, volta, vouge, virginia essence
0%
Y Viennese waltz, yale blues
0%
No matching quizzes found
Score Distribution
Percent of People with Each Score
Percentile by Number Answered
Your Score History
You have not taken this quiz